Statistics for Werribee Line (Melbourne Train Network)

Click here to take the quiz!

General Stats

  • This quiz has been taken 80 times
    (77 since last reset)
  • The average score is 13 of 15

Answer Stats

#Answer% Correct
1Werribee
100%
13Footscray
96%
7Altona
93%
5Laverton
93%
10Spotswood
93%
2Hoppers Crossing
91%
15North Melbourne
91%
6Westona
91%
3Williams Landing
91%
4Aircraft
89%
9Newport
87%
14South Kensington
87%
11Yarraville
85%
12Seddon
81%
8Seaholme
80%

Score Distribution

Percentile by Number Answered

Percent of People with Each Score

Your Score History

You have not taken this quiz since the last reset